| 000 | 00550nam a2200205Ia 4500 | ||
|---|---|---|---|
| 008 | 191130s2005##################000#0#eng## | ||
| 020 | _a9781591023135 | ||
| 022 | _a2005005101 | ||
| 040 |
_aACL _cACL |
||
| 082 | _a813.6 FIN | ||
| 100 | _aFinlay, Charles Coleman | ||
| 245 |
_aThe prodigal troll _cCharles Coleman Finlay |
||
| 260 |
_aAmherst, NY _bPyr _c2005 |
||
| 300 | _a374 p. ; 24 cm | ||
| 650 | _aChildren - Fiction | ||
| 650 | _aTrolls - Fiction | ||
| 990 | _a5d110463ac10000c5201431266e8dff3 | ||
| 991 | _a175699 | ||
| 999 |
_c399326 _d399326 |
||